Estoy celoso
Furkejuvvon:
| Váldodahkkit: | , , |
|---|---|
| Materiálatiipa: | Girji |
| Giella: | espánnjágiella |
| Almmustuhtton: |
Buenos Aires
Sigmar
2008
|
| Preanttus: | 1a. ed |
| Ráidu: | Colección Mis Sentimientos
|
| Fáttát: | |
| Fáddágilkorat: |
Lasit fáddágilkoriid
Eai fáddágilkorat, Lasit vuosttaš fáddágilkora!
|
MARC
| LEADER | 00000cam a2200000 a 4500 | ||
|---|---|---|---|
| 001 | UCF7874 | ||
| 003 | CL-VaPUC | ||
| 008 | 130711e20080000AG |||||||||||||||||spa|d | ||
| 020 | |a 9789501124705 | ||
| 082 | 0 | 4 | |a 155.4 |b MED |2 21 |
| 100 | |a Medina, Sarah |e autora |9 569995 | ||
| 700 | 0 | |a Prilick, Catalina |e author |9 569996 | |
| 700 | 0 | |a Brooker, Jo |e author |9 569997 | |
| 245 | 1 | 0 | |a Estoy celoso |
| 250 | |a 1a. ed | ||
| 300 | |a 24 p | ||
| 942 | |c BK | ||
| 945 | |d 20130711 00:00:00 |a dcastane | ||
| 260 | |a Buenos Aires |b Sigmar |c 2008 | ||
| 650 | 7 | |a CELOS |2 CL-VaPUC |9 335132 | |
| 650 | 0 | |a Psicología del niño |9 307305 | |
| 650 | 0 | |a Desarrollo infantil |9 308064 | |
| 583 | |a last modification |c 20130711 11:26:00 |k Rodrigo Vera | ||
| 490 | 0 | |a Colección Mis Sentimientos | |
| 999 | |c 352619 |d 352617 | ||